000 00661 a2200181 4500
999 _c7579
_d7579
020 _a0521576784
050 _aDT765 MUL 1997
100 _aMulholland Rosemary
_eauthor
245 _a South Africa, 1948-1994 /
_cRosemary Mulholland.
264 _aCambridge, United Kingdom ; New York, NY :
_bCambridge University Press,
_c 1997
300 _a64 pages : color illustrations ; 27 cm.
440 _aCambridge history programme.
500 _aIncludes index.
650 _aSouth Africa -- Politics and government -- 1948-1994.
650 _aApartheid -- South Africa -- History.
650 _aSouth Africa -- Race relations.
942 _2lcc
_cBK
_h765
_iMUL
_kDT